000 00587nam a2200181Ia 4500
003 OSt
005 20200911123708.0
008 190216s9999||||xx |||||||||||||| ||und||
020 _a9788120307520
040 _coclc
082 _a621.38154
_bHEL/M
100 _aHelfrick, Albert D
_94548
245 0 _aModern Electronic Instrumentation And Measurement Techniques /
_cAlbert D Helfrick ; William D Cooper
260 _bPrentice Hall Of India,
_c2000.
_aNew Delhi:
300 _a446p
650 _aPhysics
942 _cBK
_2ddc
_h621.38154
_iHEL/M
_k621.38154
_mHEL/M
999 _c33482
_d33482